LEADER 00836cam0 2200265 450 001 E600200069615 005 20201116084154.0 100 $a20101202d1987 |||||ita|0103 ba 101 $aita 102 $aIT 200 1 $aTaccuini 1950-1969$fMax Horkheimer 210 $aGenova$cMarietti$d1987 215 $a199 p.$d22 cm 225 2 $aCollana di filosofia$e31 410 1$1001LAEC00029147$12001 $a*Collana di filosofia : 31 700 1$aHorkheimer$b, Max$3AF00010346$4070$038184 801 0$aIT$bUNISOB$c20201116$gRICA 850 $aUNISOB 852 $aUNISOB$j100$m54807 912 $aE600200069615 940 $aM 102 Monografia moderna SBN 941 $aM 957 $a100$b004718$gSi$d54807$racquisto$1massimo$2UNISOB$3UNISOB$420101202075046.0$520201116084154.0$6bethb 996 $aTaccuini 1950-1969$9816976 997 $aUNISOB LEADER 01995nam0 2200445 i 450 001 VAN0124571 005 20230628105456.98 017 70$2N$a9783319718347 100 $a20191021d2018 |0itac50 ba 101 $aeng 102 $aCH 105 $a|||| ||||| 200 1 $aAnalytic Aspects of Convexity$fGabriele Bianchi, Andrea Colesanti, Paolo Gronchi editors 210 $aCham$cSpringer$d2018 215 $aix, 120 p.$d24 cm 410 1$1001VAN0103233$12001 $aSpringer INdAM series$1210 $aBerlin [etc.]$cSpringer$v25 500 1$3VAN0236129$aAnalytic Aspects of Convexity$91564655 606 $a53C65$xIntegral geometry; differential forms, currents, etc. [MSC 2020]$3VANC019631$2MF 606 $a52-XX$xConvex and discrete geometry [MSC 2020]$3VANC019811$2MF 606 $a53-XX$xDifferential geometry [MSC 2020]$3VANC019813$2MF 606 $a00B25$xProceedings of conferences of miscellaneous specific interest [MSC 2020]$3VANC020732$2MF 606 $a52Axx$xGeneral convexity [MSC 2020]$3VANC023202$2MF 610 $aConvex Geometry$9KW:K 610 $aCurvature measures$9KW:K 610 $aGeometric Inequalities$9KW:K 610 $aIntegral geometry$9KW:K 610 $aValuations$9KW:K 620 $aCH$dCham$3VANL001889 702 1$aBianchi$bGabriele$3VANV095992 702 1$aColesanti$bAndrea$3VANV095993 702 1$aGronchi$bPaolo$3VANV095994 712 $aSpringer $3VANV108073$4650 801 $aIT$bSOL$c20240614$gRICA 856 4 $uhttp://doi.org/10.1007/978-3-319-71834-7$zE-book ? Accesso al full-text attraverso riconoscimento IP di Ateneo, proxy e/o Shibboleth 899 $aBIBLIOTECA DEL DIPARTIMENTO DI MATEMATICA E FISICA$1IT-CE0120$2VAN08 912 $fN 912 $aVAN0124571 950 $aBIBLIOTECA DEL DIPARTIMENTO DI MATEMATICA E FISICA$d08CONS e-book 1034 $e08eMF1034 20191021 996 $aAnalytic Aspects of Convexity$91564655 997 $aUNICAMPANIA